|
|
|
|
| LEADER |
00000nam a2200000 a 4500 |
| 001 |
vtls001321870 |
| 003 |
SK-MaSNL |
| 005 |
20260301005437.0 |
| 008 |
251113s1927 HU b 0 hun |
| 020 |
|
|
|c 100,00
|
| 035 |
|
|
|a SNK000274535
|
| 040 |
|
|
|a SNK
|b slo
|c SNK
|e AACR2
|
| 044 |
|
|
|a HU
|
| 080 |
|
|
|a 081 Prohászka, O.
|2 1981
|
| 100 |
1 |
|
|a Prohászka, Otakar,
|d 1858-1927
|4 aut
|9 84804
|
| 245 |
1 |
0 |
|a let igéi
|b beszédek
|c Prohászka Ottokár
|
| 260 |
|
|
|a Budapest
|b Szent István-Társulat
|c [1927]
|e Budapest
|f Stephaneum
|
| 300 |
|
|
|a x, 383 s.
|c 21 cm
|
| 490 |
1 |
|
|a Prohászka Ottokár összegyüjtött munkái
|v 13. köt.
|
| 600 |
1 |
|
|a Prohászka, Otakar,
|c biskup,
|d 1858-1927
|x dielo
|x súpisy
|2 SNK
|9 64205
|
| 830 |
|
0 |
|a Prohászka Ottokár összegyüjtött munkái
|9 289755
|
| 999 |
|
|
|c 545191
|d 547121
|
| 952 |
|
|
|t P60, <03>, [BOOK], {603}
|a SNK
|b SNK
|y PREZ
|7 0
|o snkSC 52024/1
|i snkK 1911/81
|0 0
|1 0
|4 0
|d 1998-02-23
|l 0
|r 2005-01-02 00:00:00
|w 2026-02-23
|
| 952 |
|
|
|t P60, <04>, [BOOK], {604}
|a SNK
|b SNK
|y VYP
|7 0
|p 17A0103064
|o snkSC 52024/1 D1
|i snkK 607/98
|0 0
|1 0
|4 0
|d 1998-02-23
|l 0
|r 2005-01-02 00:00:00
|w 2026-02-23
|
| 952 |
|
|
|a SNK
|b SNK
|y PREZ
|7 0
|p 17A0854197
|o snkSC 52024/1
|0 0
|1 0
|4 0
|d 2012-08-01
|l 0
|r 2026-02-23 12:52:40
|w 2026-02-23
|